00393nam a2200157Ia 4500003000400000005001700004008004000021020001800061040000700079041001200086082001300098100003000111245004800141260003300189300001300222OSt20221216101450.0210210b2004 xxu||||| |||| 00| 0 eng d a81 219 0009 3 cAL aEnglish a425 WREH aWREN (P C) and MARTIN (H) aHigh school english grammer and composition aNDbS. Chand & Co. Ltdc2004 aviii,482